| 000 | 01648cad a22002175a 4500 | ||
|---|---|---|---|
| 001 | L145012 | ||
| 008 | 080901e20080901xxka f 000 0 eng d | ||
| 035 | _a(Sirsi) u145012 | ||
| 041 | 0 | _aeng | |
| 050 | 0 | 4 | _a306 $2 18 |
| 110 | 2 |
_aRoyal Institution of Chartered Surveyors _94900 |
|
| 245 | 0 | 0 |
_aFirst time buyer savings scheme _bintroducing a HomeBuy ISA _h[electronic resource] |
| 260 |
_aLondon _bRICS _c2008 |
||
| 520 | _aRICS document proposing the creation of a new type of ISA used specifically to fund a home deposit for first time buyers. Suggestions made include: raising the amount allowed in cash savings to £7 200 per annum; government contributions of 15% on the first £5 000 invested (£750 per annum) and the possibility of contributions from family members etc. It is also proposed that any such account should be free from capital gains tax etc. Some restrictions are suggested - the amount saved must be used to fund the deposit on a home (unless withdrawn due to hardship or investment in a pension fund); the accounts should only be available to genuine first time buyers (who must stay in the home purchased for at least a year) and no first time buyer should be able to save more than £36 000 in an account. The authors suggest that similar schemes have been introduced with great success in countries including Australia. | ||
| 521 | _aAdvanced | ||
| 590 | _aKA | ||
| 651 | 4 |
_aUnited Kingdom _y |
|
| 690 | _aPROPERTY-RESIDENTIAL PROPERTY-RESIDENTIAL PROPERTY MARKET | ||
| 856 | 4 | 0 |
_uhttps://www.rics.org/site/scripts/download_info.aspx?fileID=130 _zView the item free of charge online at www.rics.org... |
| 942 | _n0 | ||
| 999 |
_c108670 _d108670 |
||